Catálogo público

Plagas y enfermedades del manzano y del peral / (Record no. 206654)

MARC details
000 -CABECERA
campo de control de longitud fija 00930nam a2200325Ia 4500
001 - NÚMERO DE CONTROL
campo de control Para_8769
003 - IDENTIFICADOR DEL NÚMERO DE CONTROL
campo de control CHAP
008 - DATOS DE LONGITUD FIJA--INFORMACIÓN GENERAL
campo de control de longitud fija 220125s2002 xx 000 0 und d
010 ## - NÚMERO DE CONTROL DE LA BIBLIOTECA DEL CONGRESO
Número de control de LC 206654
040 ## - FUENTE DE LA CATALOGACIÓN
Centro/agencia transcriptor CHAP
082 ## - NÚMERO DE LA CLASIFICACIÓN DECIMAL DEWEY
Número de clasificación PA 634.119 J6y
100 ## - ENTRADA PRINCIPAL--NOMBRE DE PERSONA
Nombre de persona Jones, A.L., ed.
9 (RLIN) 165657
245 ## - MENCIÓN DE TÍTULO
Título Plagas y enfermedades del manzano y del peral /
Mención de responsabilidad, etc. ed. por A.L. Jones y H. S. Aldwincke
260 ## - PUBLICACIÓN, DISTRIBUCIÓN, ETC.
Lugar de publicación, distribución, etc. Madrid :
Nombre del editor, distribuidor, etc. McGraw Hill
300 ## - DESCRIPCIÓN FÍSICA
Extensión 99 p.
503 ## - NOTA DE HISTORIA BIBLIOGRÁFICA (BK CF MU) [OBSOLETO]
Nota de historia bibliográfica C/e (ej.1)
650 ## - PUNTO DE ACCESO ADICIONAL DE MATERIA--TÉRMINO DE MATERIA
Término de materia o nombre geográfico como elemento de entrada Manzana
Subdivisión general enfermedades
9 (RLIN) 70763
650 ## - PUNTO DE ACCESO ADICIONAL DE MATERIA--TÉRMINO DE MATERIA
Término de materia o nombre geográfico como elemento de entrada Manzana
Subdivisión general plagas
9 (RLIN) 70792
650 ## - PUNTO DE ACCESO ADICIONAL DE MATERIA--TÉRMINO DE MATERIA
Término de materia o nombre geográfico como elemento de entrada Pera
Subdivisión general enfermedades
650 ## - PUNTO DE ACCESO ADICIONAL DE MATERIA--TÉRMINO DE MATERIA
Término de materia o nombre geográfico como elemento de entrada Pera
Subdivisión general Plagas
9 (RLIN) 86978
700 ## - PUNTO DE ACCESO ADICIONAL--NOMBRE DE PERSONA
Nombre de persona Aldwincke, H.S.
9 (RLIN) 172971
710 ## - PUNTO DE ACCESO ADICIONAL--NOMBRE DE ENTIDAD CORPORATIVA
Nombre de entidad corporativa o nombre de jurisdicción como elemento de entrada The American Phytopathological Society
9 (RLIN) 172972
901 ## - ELEMENTOS DE DATOS A LOCAL LDA (RLIN)
a PA 634.119 J6Y
902 ## - ELEMENTOS DE DATOS B LOCAL, LDB (RLIN)
a M
905 ## - ELEMENTOS DE DATOS E LOCAL, LDE (RLIN)
a 0000002002 ad 0000000000 00
910 ## - DATOS DE OPCIÓN DEL USUARIO (OCLC)
Datos de opción del usuario 2002
942 ## - ELEMENTOS DE PUNTO DE ACCESO ADICIONAL (KOHA)
Tipo de ítem Koha Parasitologia_
942 ## - ELEMENTOS DE PUNTO DE ACCESO ADICIONAL (KOHA)
Tipo de ítem Koha Parasitologia_
-- 1
Holdings
Estado de retiro Estado de pérdida Fuente del sistema de clasificación o colocación Estado dañado No para préstamo Código de colección Localización permanente Ubicación/localización actual Fecha de adquisición Número de inventario Total de préstamos Signatura topográfica completa Código de barras Fecha visto por última vez Fecha del último préstamo Número de copia Precio válido a partir de Tipo de ítem Koha Nota pública
    Dewey Decimal Classification     General Parasitologia Agricola Parasitologia Agricola 07/02/2011 (PA_09569) (No. UACh C/E) 2 PA 634.119 J6y 4102003394 22/08/2024 19/08/2024 Ej.4 25/01/2022 Libro 3
    Dewey Decimal Classification     General Parasitologia Agricola Parasitologia Agricola 27/10/2005 (PA_8501) (No. UACh C/E)   PA 634.119 J6y 4102003391 25/01/2022   Ej.1 25/01/2022 Libro 2
    Dewey Decimal Classification     General Parasitologia Agricola Parasitologia Agricola 22/08/2007 (PA_09131) (No. UACh C/E) 1 PA 634.119 J6y 4102003392 18/10/2023 17/10/2023 Ej.2 25/01/2022 Libro 3
    Dewey Decimal Classification     General Parasitologia Agricola Parasitologia Agricola 07/02/2011 (PA_09568) (No. UACh C/E)   PA 634.119 J6y 4102003393 25/01/2022   Ej.3 25/01/2022 Libro 3